00492nam a2200133 a 450000500170000000800410001705000230005824500430008126000620012430000170018665000240020399900190022795201120024620140412111245.0010329s19uu xx 00 eng d aM 553.7bTw91 19_? a22 twenty two things to do with water. aMakati, Metro Manila :bDiwa Learning System Inc,c[n.d.] a47 p. ; ill. aScience experiments c102891d102891 001040aELbELcMd2001-03-29eLib. Fundl0oM 553.7 Tw91 19_?pE3094r2014-04-12 00:00:00w2014-04-12yBK